Vainqueurs tournoi ATP 2024 - Statistiques

Statistiques générales
  • Ce quiz a été pris 215 fois
    110 depuis la dernière actualisation
  • Le résultat moyen est 36 sur 66
Statistiques - réponses
Tournoi Vainqeur % Correct
Masters 1000 de Indian Wells Alcaraz
100%
Roland Garros Alcaraz
100%
Wimbledon Alcaraz
100%
ATP 500 Pékin Alcaraz
100%
Open d'Australie Sinner
99%
ATP 500 Rotterdam Sinner
99%
Masters 1000 de Miami Sinner
99%
ATP 500 Halle Sinner
99%
Masters 1000 Cincinnati Sinner
99%
US Open Sinner
99%
Masters 1000 de Shangai Sinner
99%
Masters Sinner
99%
Masters 1000 de Rome Zverev
94%
Masters 1000 de Paris Zverev
94%
ATP 500 Hambourg Fils
82%
ATP 500 Tokyo Fils
82%
ATP 250 Hong Kong Rublev
81%
Masters 1000 de Madrid Rublev
81%
ATP 250 Marseille Humbert
79%
ATP 500 de Dubai Humbert
79%
Masters 1000 Monte Carlo Tsitsipas
76%
ATP 250 Delray Beach Fritz
74%
ATP 250 d'Eastbourne Fritz
74%
ATP 500 Barcelone Ruud
74%
ATP 250 Genéve Ruud
74%
ATP 500 de Acapulco De Minaur
68%
ATP 250 Dallas Paul
56%
ATP 500 Queens Paul
56%
ATP 250 Stockholm Paul
56%
ATP 250 Houston Shelton
55%
ATP 250 Brisbane Dimitrov
53%
ATP 250 Lyon Mpetshi Perricard
49%
ATP 250 Doha Khachanov
45%
ATP 250 Alamty Khachanov
45%
ATP 250 Montpellier Bublik
44%
ATP 250 Estoril Hurkacz
44%
ATP 500 Rio Baez
42%
ATP 250 de Santiago Baez
42%
ATP 250 Marrakech Berretini
40%
ATP 250 Gstaad Berretini
40%
ATP 250 Kitzbuhel Berretini
40%
Masters Next Gens Fonseca
40%
ATP 250 Sofia Shapovalov
40%
ATP 250 Stuttgart Draper
36%
ATP 500 Vienne Draper
36%
ATP 250 Umag Cerundolo
35%
Masters 1000 du Canada Popyrin
31%
ATP 250 Metz Bonzi
29%
ATP 500 Washington Korda
28%
ATP 250 Hanghzu Cilic
27%
Jeux Olympiques Novak Djokovic
27%
ATP 250 Auckland Tabilo
27%
ATP 250 Majorque Tabilo
27%
ATP 250 Adeilaide Lehecka
24%
ATP 250 Los Cabos Thompson
23%
ATP 250 Munich Struff
22%
ATP 250 Bastad Borges
21%
ATP 250 Buenos Aires Diaz Acosta
18%
ATP 250 Cordoba Darderi
17%
ATP 250 Bucarest Fucsovics
13%
ATP 250 Anvers Agut
12%
ATP 250 Newport Giron
10%
ATP 250 Atlanta Nishioka
10%
ATP 250 Chengdu Shang
10%
ATP 500 Mpteshi Perricard
1%
ATP 250 Winston salem Songeo
0%
Aucun quiz correspondant
Distribution des résultats
% des personnes avec chaque résultat
Percentile par nombre de réponses
Votre historique - résultats
Vous n’avez pas pris ce quiz depuis la dernière actualisation